000 00501nam a2200169Ia 4500
003 IN-BaIIA
008 211028s9999 xx 000 0 eng d
040 _cIIA Library
080 _a058
_bSAC
245 0 _aCompetition success review year book 1991
_cedited by S K. Sachdeva
260 _aNew Delhi
_bCompetition Review
_c1991
300 _a804p
650 _aNASA Thesaurus
650 _aYear Books
_93953
700 _aSachdeva, S K. ed
_913328
942 _cBK
999 _c10214
_d10214